000 00579nam a2200229Ia 4500
003 OSt
005 20221005121811.0
006 a|||||r|||| 00| 0
007 ta
008 221004b |||||||| |||| 00| 0 eng d
024 _a37729
037 _cTextual
040 _aCRL
_cCRL
_beng
041 _2eng
_aeng
082 _aO:1xN5, J3
100 _aWilliams Oscar Ed.
245 0 _aImmortal poems of the English language
260 _c1953
650 _aENGLISH LITERATURE
942 _hO:1xN5, J3
_cTEXL
_2cc
999 _c1042305
_d1042305